Feast and famine (Record no. 83635)

MARC details
000 -LEADER
fixed length control field 01162cab a22002175a 4500
001 - CONTROL NUMBER
control field L154467
008 - FIXED-LENGTH DATA ELEMENTS--GENERAL INFORMATION
fixed length control field 131211s2011 xxk 000 0 eng d
035 ## - SYSTEM CONTROL NUMBER
System control number (Sirsi) u154467
041 0# - LANGUAGE CODE
Language code of text/sound track or separate title eng
100 1# - MAIN ENTRY--PERSONAL NAME
Personal name Teale, Mike
245 00 - TITLE STATEMENT
Title Feast and famine
260 ## - PUBLICATION, DISTRIBUTION, ETC.
Date of publication, distribution, etc. 2011
490 #0 - SERIES STATEMENT
Series statement Sustainablebuilding inc Propertyforecast
Volume/sequential designation (59) November 2011, 14-15(2)
520 ## - SUMMARY, ETC.
Summary, etc. Assesses the state of the London retail market before the vital Christmas/January sales season. Chronic supply shortages underpin the soaring rents and premiums in the West End: Oxford, Regent and Bond Streets are in huge demand. Westfield Stratfield City has been trading at stonking footfall levels. Points out that there has been a fundamental long-term structural shift in the nature of shop demand in the UK not solely caused by the advent of online shopping, with chain operators migrating from small markets to large. Some high streets are now lost causes.
590 ## - LOCAL NOTE (RLIN)
Local note Bulletin
651 #4 - SUBJECT ADDED ENTRY--GEOGRAPHIC NAME
Geographic name London
651 #4 - SUBJECT ADDED ENTRY--GEOGRAPHIC NAME
Geographic name United Kingdom
Chronological subdivision
690 ## - LOCAL SUBJECT ADDED ENTRY--TOPICAL TERM (OCLC, RLIN)
Topical term or geographic name as entry element PROPERTY-COMMERCIAL PROPERTY-COMMERCIAL PROPERTY MARKET
690 ## - LOCAL SUBJECT ADDED ENTRY--TOPICAL TERM (OCLC, RLIN)
Topical term or geographic name as entry element PROPERTY-COMMERCIAL PROPERTY-RETAIL PROPERTY
942 ## - ADDED ENTRY ELEMENTS (KOHA)
Suppress in OPAC 0
Holdings
Withdrawn status Lost status Source of classification or shelving scheme Damaged status Not for loan Home library Current library Shelving location Date acquired Total Checkouts Full call number Barcode Date last seen Copy number Price effective from Koha item type
    Dewey Decimal Classification     London London Journal article 11/12/2011   L154467 154467-1001 06/08/2019 1 06/08/2019 Journal article